Normal view
MARC view
- TEXTBOOKS-MTS.MECHANICS OF MATERIALS
Entry Topical Term
001 - CONTROL NUMBER
- control field: 112945
003 - CONTROL NUMBER IDENTIFIER
- control field: NUST
005 - DATE AND TIME OF LATEST TRANSACTION
- control field: 20230601103249.0
008 - FIXED-LENGTH DATA ELEMENTS
- fixed length control field: 230601|| aca||aabn | a|a d
040 ## - CATALOGING SOURCE
- Original cataloging agency: NUST
- Transcribing agency: NUST
150 ## - HEADING--TOPICAL TERM
- Topical term or geographic name entry element: TEXTBOOKS-MTS.MECHANICS OF MATERIALS
670 ## - SOURCE DATA FOUND
- Source citation: Work cat.: (NUST)594826: Beer, Ferdinand P. , Mechanics of Materials, 2017.
